00313pam a2200109 a 4500020000500000041000500005082001600010100001800026245008200044260006000126300001700186 c h a743.84bDOP aGingko Press. aSketch City Tips and Inspiration for Drawing on LocationhTextual Documents aAmerica :bGingo Press United States of America,c2015. a222:bpaper.